000 00241nam a2200097Ia 4500
008 231107s1990 xx 000 0 und d
041 _aeng
100 _aKreh R.T.
245 _aMasonry Skills
260 _aAmerica
_bDelmar Publishers Inc.
_c1990
999 _c928147
_d928147